01220nam a2200229 i 450000100060000000300090000600500170001500700030003200800410003508000110007610000420008724501810012926000820031030000210039250002790041353000350069261000480072765000400077565000180081585200680083385600890090198598ES-MaACL20250907063057.0t|131005s1900 sp |||| | spa d a342.250 aLópez Muñoz, Antonio, d1849-192910aDiscurso pronunciado en el Ateneo de Madrid sobre centralización, descentralización y regionalismo / cpor Don Antonio López Muñoz, en la noche del 16 de marzo de 1900. aMadrid : b[s.n.], c1900 (fImp. del Asilo de huerfanos del S.C. de Jesús) a37 p. ; c21 cm. aTercera conferencia de la serie "Centralización, descentralización y regionalismo", tema propuesto por la Junta de Gobierno del Ateneo para una serie de siete conferencias, por los señores Azcárate, Soler, López Muñoz, Sánchez Guerra, Abadal, Canalejas, Moret. aDisponible en formato digital.24aAteneo de Madrid-vConferencias-y1900-1939 aDescentralización administrativa.04aRegionalismo. aES-MaACLj2197-F-8cDEPOFzRevisado enlace: 24 de Abril de 2025 uhttp://bdh-rd.bne.es/viewer.vm?id=0000244475&page=1 yBiblioteca Digital Hispánica